| 000 | 00702nam a22002177a 4500 | ||
|---|---|---|---|
| 005 | 20141230155524.0 | ||
| 010 | _aBAC-CH25 | ||
| 020 |
_a9780590634274 _c150.00 |
||
| 035 | _aB-558960-991 | ||
| 035 | _aG-003065 | ||
| 037 |
_aDPL _bUBH/vendor |
||
| 082 | _aS | ||
| 100 | 1 | _aPilkey, Dav. | |
| 245 | 1 | 0 |
_aCaptain Underpants and the attack of the talking toilets / _cDav Pilkey. |
| 260 |
_aNew York _bScholastic Inc. _c2014 |
||
| 300 |
_a137p.: _bill. _c20cm.(pbk) |
||
| 490 |
_aEpic novel _v2 |
||
| 942 |
_2ddc _cCH _hS _mPIL |
||
| 999 |
_c86791 _d86791 |
||